Регионална библиотека "Любен Каравелов" - Русе

През бури и пламък (Запис номер 181577)

MARC детайли
000 -Лидер
Контролно поле с фиксирана дължина 01152nam a2200325 c 4500
003 - Код на организацията, давaща контролен номер
Контролно поле BLK
005 - Дата и час на последна редакция
Контролно поле 20200515085106.0
008 - Елементи от данни с фиксирана дължина
fixed length control field 180411b bul|||||r ||||||| ||bul||
010 ## - Наследен системен номер
LC control number KNG00190483000
040 ## - Източник на каталожния запис
Идентификатор на билиотеката - собственик на записа BLK
041 ## - Код за език
Код за езика на текст/звукозапис или на отделно заглавие Български
Код за езика КДБФ Български
080 ## - УДК
Текстов определител УДК България през периода на общата криза на капитализма (1918-1944)
УДК код - определител по УДК 94(497.2)"1918/1945"
УДК определител
УДК - код + определител 94(497.2)"1918/1945"
100 1# - Редна дума - Автор
Автор Гаджев, Пейо
Авторска отговорност първи автор
R(LIN) 342636
139 ## - Редно поле
Редна дума Гаджев, Пейо
Авторски знак Гад - Г 15
245 10 - Сведения за заглавието
Заглавие През бури и пламък
Подзаглавни данни Записки на един антифашист
Редно поле (дума) Пейо Гаджев.
257 ## - Страна на издаване
Страна на създаване/издаване България
260 ## - Област на издателските данни
-- София
Име на издателя, разпространителя и проч. БЗНС
Година на издаване 1983
300 ## - Физическа характеристика
Страници 287 с.
Размери/Мащаб 20 см
380 ## - Жанр
Жанр История
650 #4 - Допълнително описание по предмет – тема
Основно описание – тема или топоним БЗНС - история
9 (RLIN) 245934
650 #4 - Допълнително описание по предмет – тема
Основно описание – тема или топоним Борба против фашизма - България
9 (RLIN) 246462
653 ## - Ключова дума – ненормативна
Ключова дума БЗНС
653 ## - Ключова дума – ненормативна
Ключова дума история
653 ## - Ключова дума – ненормативна
Ключова дума антифашисти
852 ## - Местоположение
Форматна сигнатура Цб 124841
856 4# - Електронен адрес и достъп
Електронен формат pdf - файл
Път до файла /url/
856 4# - Електронен адрес и достъп
Електронен формат pdf - файл
Път до файла /url/
942 ## - АРТИКУЛИ
Вид на библиотечния материал Книги
Скрит в OPAC Не
Koha issues (borrowed), all copies 2
944 ## - СЪЗДАВАНЕ И РЕДАКЦИЯ на ЗАПИСА
Създаване/Редакция Създаване
Дата на регистрацията/редакция 16.09.2016
Служител, извършил регистрацията/редакцията Камелия_Данева
944 ## - СЪЗДАВАНЕ И РЕДАКЦИЯ на ЗАПИСА
Създаване/Редакция Редакция
Дата на регистрацията/редакция 16.09.2016
Служител, извършил регистрацията/редакцията Камелия_Данева
999 ## - СИСТЕМНИ КОНТРОЛНИ НОМЕРА
Koha biblionumber 181577
Koha biblioitemnumber 181577
Наличности
Код за отписване Код за изгубен артикул Източник на класификационната схема Код за повреда Коз за рестрикции Код за отдаване Артикулен № Име на библиотеката - собственик Име на библиотеката, в която се намира в момента Статус (Текущо местоположение) Дата на вписване в системата Местоположение - отдел Цена в лева Инвентарен номер Систематично азбучна сигнатура Баркод Номер на екземпляра Цена в евро Служебна бележка Служебен тип на артикула
  Не е изгубен Universal Decimal Classification Не е повреден без рестрикции ползва се в читалня 311040 Регионална библиотека "Любен Каравелов" Русе Регионална библиотека "Любен Каравелов" Русе Хранилище 1983-01-01 Хранилище 1.24 390790 Цб 124841 900000011699 1 0.63 N: стар фонд Дата: 01.01.1983 Книги
Изтеглен Не е изгубен Universal Decimal Classification Не е повреден без рестрикции заемане за дома 311041 Регионална библиотека "Любен Каравелов" Русе Регионална библиотека "Любен Каравелов" Русе Заемна - подръчен фонд 1983-01-01 Заемна - подръчен фонд 1.24 391269 94(497.2)"1918/1945"/Г 15 П 391269 2 0.63 N: стар фонд Дата: 01.01.1983 Дата инв: 08.02.2018 Бележки инв: П2018 Книги
Vip Innovations Ltd, Rousse, Bulgaria 2025